000 00662nam a2200241 i 4500
001 C2-0319337
003 PPAK
005 20180728115049.0
008 121029s2009 nyua|||| ||||| | eng d
020 _a9781579128142
040 _aPPAK
_beng
_cPPAK
_erda
082 0 4 _a546
_223
090 0 0 _a546
_bGRA
_dR
100 1 _aGray, Theodore,
_eauthor
245 1 4 _aThe elements
264 1 _aNew York :
_bBlack Dog & Leventhal Publishers ,
_c2009
300 _a240 pages :
_bcolour illustrations ;
_c26 cm.
336 _2rdacontent
_atext
337 _2rdamedia
_aunmediated
338 _2rdacarrier
_avolume
650 1 0 _aChemical elements
942 _ddc
_cB
999 _c120165
_d120165